000 00727na a2200241 4500
001 16522
003 MIRAKIL
005 20181213154850.0
008 161012b tu 000 0
040 _aMilas
_btur
_cTR-AnCHP
041 _atur
_aeng
082 _a915.621422
_bA46k 2007
090 _a915.621422 A46k 2007
100 _aAkova, Akgün
245 _aKırlangıcın kanadı = The wings of swallow
_bDatça
_cAkgün Akova ; fotg. Bülent Sancakdar
246 _aDatça
260 _aİstanbul
_b[yayl. y.]
_c2007
300 _a132 s.
_bfotg.
_c27x27 sm.
651 _aDatça (İzmir)
_xGezi ve tanıtım
_yFotoğraflar
651 _aİzmir
_xKılavuzlar
_zDatça
700 _aSancakdar, Bülent
942 _2ddc
_cBKS
999 _c2240
_d2240